000 00698cam a2200205 a 4500
005 20160218154218.0
008 020627s1999 pe d r 000 0 spa d
040 _aCO-BoPUJ
_cCO-BoIAVH
_dCO-BoIAVH
041 0 _aspa
044 _ack
082 0 4 _a337.8
_bC74c
110 2 _aComunidad Andina
_bSecretaría General
_961018
245 1 0 _aCodificación del acuerdo de Cartagena
_bdecisión 406 /
_cComunidad Andina
246 0 4 _aAcuerdo de Cartagena
_btexto oficial codificado
260 _aLima (Perú) :
_bComunidad Andina,
_c1999.
300 _a80 páginas :
_btablas ;
_c21 x 15 cm.
610 2 4 _aAcuerdo de Cartagena
_961019
650 2 6 _aLegislación
_zAmérica Latina
_961020
942 _2ddc
_cLIBRO
999 _c4945
_d4945